Spath Holme Ltd v North Western Rent Assessment Committee and another (Record no. 68934)

MARC details
000 -LEADER
fixed length control field 01464cam a2200277 4500
001 - CONTROL NUMBER
control field ABS64815
008 - FIXED-LENGTH DATA ELEMENTS--GENERAL INFORMATION
fixed length control field 011126n2001 000 0 eng u
035 ## - SYSTEM CONTROL NUMBER
System control number (Sirsi) u115731
245 ## - TITLE STATEMENT
Title Spath Holme Ltd v North Western Rent Assessment Committee and another
260 ## - PUBLICATION, DISTRIBUTION, ETC.
Date of publication, distribution, etc. 2001
490 ## - SERIES STATEMENT
Series statement Estates Gazette Law Reports
Volume/sequential designation 46 EG 181, 181-186(6)
520 ## - SUMMARY, ETC.
Summary, etc. QBD 12 July 2001. Appeal by the landlord (S) from a decision of the North West Rent Assessment Committee by which the committee determined a fair rent for the respondent's flat of £624.50 after it had applied the provisions of the Rent Acts (Maximum Fair Rent) Order 1999. The committee certified that but for the cap it would have determined a fair rent of £950 per quarter. The committee's determination of a fair rent had regard to rents of assured tenancies in the same building, but made a deduction of one-twelfth in respect of voids. S appealed that decision. "Held", the appeal was allowed in part and the recision remitted.
590 ## - LOCAL NOTE (RLIN)
Local note ABS
650 ## - SUBJECT ADDED ENTRY--TOPICAL TERM
Topical term or geographic name entry element REGULATED TENANCIES
650 ## - SUBJECT ADDED ENTRY--TOPICAL TERM
Topical term or geographic name entry element ASSURED SHORTHOLD TENANCIES
650 ## - SUBJECT ADDED ENTRY--TOPICAL TERM
Topical term or geographic name entry element RENT REVIEWS
650 ## - SUBJECT ADDED ENTRY--TOPICAL TERM
Topical term or geographic name entry element FAIR RENTS
650 ## - SUBJECT ADDED ENTRY--TOPICAL TERM
Topical term or geographic name entry element CAPPING
650 ## - SUBJECT ADDED ENTRY--TOPICAL TERM
Topical term or geographic name entry element SPATH HOLME LTD V NORTH WESTERN RENT ASSESSMENT COMMITTEE AND ANOTHER
650 ## - SUBJECT ADDED ENTRY--TOPICAL TERM
Topical term or geographic name entry element MARKET RENTS
650 ## - SUBJECT ADDED ENTRY--TOPICAL TERM
Topical term or geographic name entry element VOIDS
650 ## - SUBJECT ADDED ENTRY--TOPICAL TERM
Topical term or geographic name entry element DEDUCTIONS
650 ## - SUBJECT ADDED ENTRY--TOPICAL TERM
Topical term or geographic name entry element RENT ACTS (MAXIMUM FAIR RENT) ORDER 1999
690 ## - LOCAL SUBJECT ADDED ENTRY--TOPICAL TERM (OCLC, RLIN)
Topical term or geographic name as entry element LANDLORD AND TENANT-RENT REVIEWS-CASE LAW
942 ## - ADDED ENTRY ELEMENTS (KOHA)
Suppress in OPAC 0
Holdings
Withdrawn status Lost status Source of classification or shelving scheme Damaged status Not for loan Home library Current library Shelving location Date acquired Total Checkouts Full call number Barcode Date last seen Copy number Price effective from Koha item type
    Dewey Decimal Classification     London London Journal article 06/12/2001   ABS64815 115731-1001 06/08/2019 1 06/08/2019 Law report